000 00218nam a2200085Ia 4500
245 0 _aThe sheep-pig
100 _a KING-SMITH, Dick London, 2003
_976735
942 _cBK
008 210817s9999 xx 000 0 und d
999 _c260021
_d260020